Sistemas de compensaciones y beneficios : ___ pensando en los recursos humanos /

Libro sobre prestaciones y licencias laborales que gozan los funcionarios públicos del Poder Judicial en Argentina.

محفوظ في:
التفاصيل البيبلوغرافية
المؤلف الرئيسي: Cheein de Hermida, Cafa (autor)
مؤلفون آخرون: López, Luis Eduardo (autor) (autor)
التنسيق: كتاب
اللغة:الإسبانية
الموضوعات:
الوسوم: إضافة وسم
لا توجد وسوم, كن أول من يضع وسما على هذه التسجيلة!

MARC

LEADER 00000nam^a2200000^a^4500
001 000182432
005 20250521000000.0
009 20260310102007.257
020 |a 987-20065-2-0 
037 |a Acervo ITESO - Biblioteca 
041 |a ESP 
082 |a 351. 760982  |b CHE 
100 |a Cheein de Hermida, Cafa  |e (autor) 
245 1 0 |a Sistemas de compensaciones y beneficios :  |b ___ pensando en los recursos humanos /  |c C. Cheein de Hermida, L.E. López. 
264 |a Santiago del Estero, Argentina :  |b Editorial Lucrecia,  |c fecha no identificada 
300 |a 62 p. 
336 |a texto  |b txt  |2 rdacontenido 
337 |a sin mediación  |b n  |2 rdamedio 
338 |a volumen  |b nc  |2 rdasoporte 
520 |a Libro sobre prestaciones y licencias laborales que gozan los funcionarios públicos del Poder Judicial en Argentina. 
649 |a XX 
650 |a Funcionarios Públicos -  |z Argentina 
650 |a Prestaciones Laborales -  |z Argentina 
650 |a Seguros -  |z Argentina 
650 |a Servicios Médicos y de Salud -  |z Argentina 
650 |a Vacaciones y Días de Descanso -  |z Argentina 
650 |a Licencias Laborales -  |z Argentina 
650 |a Recursos Humanos -  |z Argentina -  |x Administración 
650 |a Poder Judicial -  |z Argentina 
650 |a Administración Pública -  |z Argentina 
700 |a López, Luis Eduardo  |e (autor) 
910 |a Fondo General 
920 |a Impresos - Libros 
930 |a Colección General 
905 |a 101 
901 |a 0500122121  |b IT1  |c ACC  |u 20250521 
901 |a 0500122124  |b IT1  |c ACC  |u 20250521 
902 |a https://opac.biblio.iteso.mx/vufind/Record/000182432